Recursos Humanos en redes y organizaciones Algunas reflexiones y desafo̕s /

Bibliographic Details
Main Author: Grueso Hinestroza, Merlin Patricia
Format: eBook
Language:Spanish
Published: Bogot:̀ Editorial Universidad de Rosario (Colombia), 2017
Subjects:
Online Access:Acceso restringido

MARC

LEADER 00000nam a22000007a 4500
005 20180720004021.0
007 cr|||| ||||
008 180720s2017 co |||||s|||| 00||0 spa d
020 |a 978-958-784-010-0 
035 |a 21856 
040 |a vLex 
090 |c 8065  |d 8065 
100 1 |a Grueso Hinestroza, Merlin Patricia 
245 1 0 |a Recursos Humanos en redes y organizaciones  |h [Recurso electrn̤ico] :  |b Algunas reflexiones y desafo̕s /  |c Merlin Patricia Grueso Hinestroza 
256 |a Servicio en ln̕ea 
260 |a Bogot:̀  |b Editorial Universidad de Rosario (Colombia),  |c 2017 
300 |a 1 recurso electrn̤ico 
506 1 |a Disponible solo en los productos indicados  |d vLex Global  |d vLex Global (Academic Edition, excluding Law Schools)  |d vLex Global (U.S. Academic Edition, Law Schools)  |d vLex Global (U.S. Academic Edition, excluding Law Schools)  |d vLex Global (Academic Edition, Law Schools) 
650 0 4 |a Derecho Mercantil y de la Empresa  |z Colombia 
740 0 |a vLex Libros (Servicio en ln̕ea) 
856 4 0 |u http://vlex.com/source/recursos-humanos-redes-organizaciones-algunas-reflexiones-desafios-21856  |z Acceso restringido 
942 |c BOOK 
999 0 |a Commercial and Company Law